000 004460000a22001810004500
003 MACL
005 20150902151833.0
008 150902b xxu||||| |||| 00| 0 eng d
040 _aMACL
_cMACL
041 _aEnglish
082 _a800/BHA
100 _aSri Aurobindo
_98628
245 _aSri Aurobindo on English Poets
260 _bSri Aurobindo Bhawan
_c1999
_aCalcutta
350 _a80
650 _aLiterature
_98629
942 _cBK
_k808
_2ddc
999 _c20810
_d20810